000 00343nam a2200145Ia 4500
008 191201s2010 xx 000 0 und d
082 _a658.0072
_bCOB
100 _aZIKMUND, WilliamG
245 0 _aBusiness Research Methods
250 _aRep
260 _aN. delhi
_bThomson
_c2010
300 _a748
650 _aB.Tech(ME)
942 _2ddc
_cBK
999 _c4535
_d4535